Universidad Literaria de Oviedo (Record no. 25571)

MARC details
000 -LEADER
campo de control de longitud fija 00546nam a2200157 i 4500
001 - NÚMERO DE CONTROL
campo de control 25571
003 - IDENTIFICADOR DE NÚMERO DE CONTROL
campo de control ES-MaACL
005 - FECHA Y HORA DE LA ÚLTIMA TRANSACCIÓN
campo de control 20230906153308.0
007 - CAMPO FIJO DE DESCRIPCIÓN FÍSICA--INFORMACIÓN GENERAL
campo de control de longitud fija t|
008 - DATOS DE LONGITUD FIJA--INFORMACIÓN GENERAL
campo de control de longitud fija 021227s1911 sp ||||1| spa d
100 1# - ENTRADA PRINCIPAL--NOMBRE DE PERSONA
Nombre de persona Arias de Velasco y Lúgigo, Jesús.
9 (RLIN) 22777
245 10 - MENCIÓN DEL TÍTULO
Título Universidad Literaria de Oviedo
Resto del título : discurso leído en la solemne apertura del curso académico de 1911-12 /
Mención de responsabilidad, etc. Jesús Arias de Velasco y Lúgigo.
260 ## - PUBLICACIÓN, DISTRIBUCIÓN, ETC.
Lugar de publicación, distribución, etc. Oviedo :
Nombre del editor, distribuidor, etc. [s.n.,
Fecha de publicación, distribución, etc. 1911]
710 2# - ENTRADA AGREGADA--NOMBRE DE ENTIDAD CORPORATIVA
Nombre de entidad corporativa o nombre de jurisdicción como elemento de entrada Universidad Literaria de Oviedo.
9 (RLIN) 7389
852 ## - LOCALIZACIÓN
Ubicación ES-MaACL
Número de control de estantería T-1182-F-6
Holdings
Estatus retirado Estado de pérdida Estado de daño No para préstamo Colección Biblioteca de origen Biblioteca actual Ubicación en estantería Fecha de adquisición Fuente de adquisición Total de préstamos Signatura topográfica completa Código de barras Visto por última vez Precio de reemplazo Tipo de ítem Koha
        Colección de folletos Biblioteca del Ateneo de Madrid Biblioteca del Ateneo de Madrid Depósito folletos 17/01/2008     T-1182-F-6 1026371 23/02/2023 23/02/2023 Folleto